000 00430cam a2200145 4500500
005 20251228072920.0
041 _afre
042 _adc
100 1 0 _aAssayag, Jackie
_eauthor
245 0 0 _aQuand guerre et paix s'emmĂȘlent.
260 _c2005.
500 _a50
786 0 _nCités | 24 | 4 | 2005-12-01 | p. 85-102 | 1299-5495
856 4 1 _uhttps://shs.cairn.info/revue-cites-2005-4-page-85?lang=fr&redirect-ssocas=7080
999 _c1594442
_d1594442